Statistics for Halo Characters by Hint

Click here to take the quiz!

General Stats

  • This quiz has been taken 133 times
  • The average score is 24 of 45

Answer Stats

HintAnswer% Correct
Main Protagonist in Halo 1, 2, 3 and 4Master Chief
100%
A.I. Companion of aboveCortana
99%
Captain of the Pillar of AutumnJacob Keyes
87%
Mother of above and scientist that created the Spartan ProgramCathrine Halsey
86%
Loudmouth combat general in Halo 1-3Avery Johnson
84%
The person aboves daughterMiranda Keyes
81%
Controller of all the FloodGravemind
78%
Forerunner monitor tasked to maintain the Halo Ring343 Guilty Spark
77%
Main Protagonist of Halo ReachNoble 6
74%
The Prophet Master Chief killed in a battle in Halo 2Prophet of Regret
74%
Loyal Brute Chieftain to the ProphetsTartarus
74%
Main Protagonist of Halo ODSTThe Rookie
73%
Leader of the ODST Squad, Joins Fireteam Osiris in Halo 5Edward Buck
72%
The main antagonist in Halo 3Prophet of Truth
72%
Last Arbiter to serve the Covenant and leader of the Sanghelios FactionThe Arbiter
72%
Sniper of Noble Team and only surivorJun-266
68%
2nd in Command of Noble TeamKat-320
68%
Leader of Noble TeamCarter-259
67%
Shotgun carrying spartan of the Noble TeamEmile-239
67%
Oldest Member of Noble Team, carried a big machine gunJorge-052
65%
Served as the de-facto leader of the UNSC in Halo 2 & 3Terrence Hood
63%
Character tasked to hunt down Master Chief in Halo 5Jameson Locke
59%
Prophet killed by a Flood Infector FormProphet of Mercy
52%
Daredevil and defector of the UNSCMickey
47%
Strict ODST that follows a relationship with aboveDare
46%
Close Combat SpecialistDutch
44%
Abrasive sharpshooterRomeo
43%
More known as the Shipmaster in Halo 3'Rtas Vadum
42%
Main antagonist in Halo 4The Didact
40%
New captain of the InfinityThomas Lasky
40%
Australian Marine with "words of wisdom"Chips Dubbo
37%
Wields Nornfang, and is the Sniper of Blue TeamLinda-058
36%
Forerunner helper and guide to Master Chief in Halo 4The Librarian
36%
Fast sprinter and Shotgun specialist of Blue TeamKelly-087
35%
Spartan Commander on the Infinty, and one of the first Spartan IV'sSarah Palmer
35%
Leader of the Covenant Storm FactionJul 'Mdama
31%
Forerunner AI you fight five times in Halo 5: GuardiansWarden Eternal
27%
Spartan IV part of Osiris Team that is interested in Sangheili CultureOlympia Vale
24%
Resident AI onboard the InfinityRoland
23%
Original Captain of the Infinity that ordered Master Chief's arrestAndrew Del Rio
22%
DMR wielding member of Fireteam OsirisHolly Tanaka
20%
Marine that was present in all major battles from Halo Reach to 3Markus Stacker
15%
Most skilled and higest ranking Spartan II in History, part of Blue TeamFrederic-104
13%
Member of Fireteam Majestic and Main Protagonist of Spartan OpsGabriel Thorne
13%
Leader of his own Heretic FactionSesa 'Refumee
7%

Score Distribution

Percentile by Number Answered

Percent of People with Each Score

Your Score History

You have not taken this quiz